Soprotivlenije materialov
Enregistré dans:
| Auteur principal: | |
|---|---|
| Format: | Livre |
| Langue: | russe |
| Publié: |
Moskva :
Nauka,
1974
|
| Édition: | 7. izd. |
| Sujets: | |
| Tags: |
Pas de tags, Soyez le premier à ajouter un tag!
|
MARC
| LEADER | 00000nam a22000003a 4500 | ||
|---|---|---|---|
| 001 | stu84473 | ||
| 005 | 20150617225632.1 | ||
| 008 | 040302s1974----xxr-----------------rus-d | ||
| 040 | |a STU |b slo | ||
| 041 | 0 | |a rus | |
| 044 | |a xxr | ||
| 080 | |a 539.3/.4 |7 stu_us_auth*stu8140 | ||
| 100 | 1 | |a Fedosjev, Vsevolod Ivanovič |4 aut | |
| 245 | 1 | |a Soprotivlenije materialov | |
| 250 | |a 7. izd. | ||
| 260 | |a Moskva : |b Nauka, |c 1974 | ||
| 300 | |a 559 s | ||
| 650 | 7 | |a pružnosť a pevnosť |2 stusub | |
| 996 | |b 284J016904 |c J*40689 |l JJSK |s A |a 24 |w stu84473_0001 | ||